| LEADER 00000nam 2200000uu 4500 |
| 001 13399112651 |
| 003 BCNR |
| 008 110621s2554||||th 000 0 tha d |
| 020 9786161105877
|
| 060 04 W225^bร451 2554
|
| 245 00 รายงานฉบับสมบูรณ์โครงการศึกษาเพื่อพัฒนาชุดสิทธิประโยชน์ภายใต้ระบบหลักประกันสุขภาพถ้วนหน้า.^nฉบับที่ 1 =^bResearch for development of health benefit package under universal health care coverage scheme: issue 1 /^cจัดทำโดย สำนักงานพัฒนานโยบายสุขภาพระหว่างประเทศ และ โครงการประเมินเทคโนโลยีและนโยบายด้านสุขภาพ ; คณะผู้ดำเนินโครงการฯ : วิโรจน์ ตั้งเจริญเสถียร ... [และคนอื่นๆ]
|
| 246 30 โครงการศึกษาเพื่อพัฒนาชุดสิทธิประโยชน์ภายใต้ระบบหลักประกันสุขภาพถ้วนหน้า.^nฉบับที่ 1
|
| 246 31 Research for development of health benefit package underuniversal health care coverage scheme: issue 1
|
| 250 พิมพ์ครั้งที่ 1
|
| 260 นนทบุรี :^bสำนักงาน,^c2554
|
| 300 xii, 284 หน้า ;^c24 ซม.
|
| 500 ผลงานอาจารย์คณะเภสัชศาสตร์ มหาวิทยาลัยมหิดล : อุษาฉายเกล็ดแก้ว, เนติ สุขสมบูรณ์, มนทรัตม์ ถาวรเจริญทรัพย์ (ผู้ร่วมงานในโครงการประเมินเทคโนโลยีและนโยบายด้านสุขภาพ)
|
| 500 มีรายงานวิจัยฉบับย่อในภาคผนวก :การประเมินต้นทุนอรรถประโยชน์และผลกระทบด้านงบประมาณของการรักษาโรคไวรัสตับอักเสบบีเรื้อรังชนิดอีแอนติเจนบวก -- การประเมินต้นทุนอรรถประโยชน์และผลกระทบด้านงบประมาณของการรักษาโรคไวรัสตับอักเสบซีเรื้อรัง -- การประเมินต้นทุนอรรถประโยชน์และผลกระทบด้านงบประมาณของการรักษาผู้ป่วยไตอักเสบจากโรคเอสแอลอีเพื่อป้องกันภาวะไตวายเรื้อรังระยะสุดท้าย -- การประเมินต้นทุนอรรถประโยชน์และผลกระทบด้านงบประมาณของมาตรการส่งเสริมการเลิกบุหรี่ในประเทศไทย --การประเมินต้นทุนอรรถประโยชน์และผลกระทบด้านงบประมาณของการรักษาโรคหอบหืดด้วยยา Omalizumab -- การประเมินต้นทุนอรรถประโยชน์และผลกระทบด้านงบประมาณของการผ่าตัดใส่รากฟันเทียมในผู้ที่มีปัญหาการใส่ฟันปลอมทั้งปากฐานอะคริลิค -- การประเมินต้นทุนอรรถประโยชน์และผลกระทบด้านงบประมาณของวัสดุรองซับปัสสาวะอุจจาระสำเร็จรูปในผู้พิการและผู้สูงอายุ -- ระบบการคัดกรอง บำบัด รักษา และฟื้นฟูสมรรถภาพผู้มีปัญหาการดื่มสุรา : เด็กกำพร้าในระบบหลักประกันสุขภาพถ้วนหน้า -- ข้อเสนอเชิงนโยบายสำหรับการแก้ไขปัญหาสิ่งแวดล้อมที่ก่อให้เกิดผลกระทบต่อสุขภาพของประชาชนรอบเขตอุตสาหกรรม: กรณีศึกษาโรคมะเร็งเม็ดเลือดขาวที่เกิดจากการสัมผัสสารเบนซีน
|
| 536 สนับสนุนโดย สำนักงานหลักประกันสุขภาพแห่งชาติ
|
| 650 7 ประกันสุขภาพ^zไทย^vวิจัย
|
| 650 7 หลักประกันสุขภาพแห่งชาติ^zไทย^vวิจัย
|
| 650 7 บริการทางการแพทย์^xการวิเคราะห์ต้นทุน^vวิจัย
|
| 650 7 วิจัย
|
| 653 การเข้าถึงบริการสุขภาพ
|
| 700 0 วิโรจน์ ตั้งเจริญเสถียร
|
| 700 0 อุษา ฉายเกล็ดแก้ว
|
| 700 0 เนติ สุขสมบูรณ์
|
| 700 0 มนทรัตม์ ถาวรเจริญทรัพย์
|
| 710 2 สำนักงานพัฒนานโยบายสุขภาพระหว่างประเทศ
|
| 710 2 โครงการประเมินเทคโนโลยีและนโยบายด้านสุขภาพ
|
| 710 2 มหาวิทยาลัยมหิดล. ^bคณะเภสัชศาสตร์.
|
| 710 2 สำนักงานหลักประกันสุขภาพแห่งชาติ
|
| 740 02 การประเมินต้นทุนอรรถประโยชน์และผลกระทบด้านงบประมาณของการรักษาโรคไวรัสตับอักเสบบีเรื้อรังชนิดอีแอนติเจนบวก
|
| 740 02 การประเมินต้นทุนอรรถประโยชน์และผลกระทบด้านงบประมาณของการรักษาโรคไวรัสตับอักเสบซีเรื้อรัง
|
| 740 02 การประเมินต้นทุนอรรถประโยชน์และผลกระทบด้านงบประมาณของการรักษาผู้ป่วยไตอักเสบจากโรคเอสแอลอีเพื่อป้องกันภาวะไตวายเรื้อรังระยะสุดท้าย
|
| 740 02 การประเมินต้นทุนอรรถประโยชน์และผลกระทบด้านงบประมาณของมาตรการส่งเสริมการเลิกบุหรี่ในประเทศไทย
|
| 740 02 การประเมินต้นทุนอรรถประโยชน์และผลกระทบด้านงบประมาณของการรักษาโรคหอบหืดด้วยยา Omalizumab
|
| 740 02 การประเมินต้นทุนอรรถประโยชน์และผลกระทบด้านงบประมาณของการผ่าตัดใส่รากฟันเทียมในผู้ที่มีปัญหาการใส่ฟันปลอมทั้งปากฐานอะคริลิค
|
| 740 02 การประเมินต้นทุนอรรถประโยชน์และผลกระทบด้านงบประมาณของวัสดุรองซับปัสสาวะอุจจาระสำเร็จรูปในผู้พิการและผู้สูงอายุ
|
| 740 02 ระบบการคัดกรอง บำบัด รักษาและฟื้นฟูสมรรถภาพผู้มีปัญหาการดื่มสุรา : เด็กกำพร้าในระบบหลักประกันสุขภาพถ้วนหน้า
|
| 740 02 ข้อเสนอเชิงนโยบายสำหรับการแก้ไขปัญหาสิ่งแวดล้อมที่ก่อให้เกิดผลกระทบต่อสุขภาพของประชาชนรอบเขตอุตสาหกรรม: กรณีศึกษาโรคมะเร็งเม็ดเลือดขาวที่เกิดจากการสัมผัสสารเบนซีน
|
| 999 ^aบรรณารักษ์
|